000 00650nam a2200205 a 4500
001 BRL_1964
005 20190320211443.0
008 190117s1993----mx-ab#####---#000-0#spa-#
041 _aspa
050 4 _bA95 1993
100 1 _aÁvila Ramos, Laura
_928330
245 1 0 _aCambio socioeconómico en Santa Cruz Atzcapotzaltongo Estado de México
_bcaso de estudio (1940-1990).
260 _aToluca, México
_c1993
300 _a141 p.
_bil., mapas
_c24 cm.
500 _aAu659
502 _aTesis Licenciatura (Licenciado en Antropología Social) UAEM
650 1 4 _aDesarrollo Socio-económico
_zMéxico
_928331
902 _aTERL
942 _2lcc
_cTES
999 _c10771
_d10771